000 00425nam a22001337a 4500
999 _c109758
_d109758
005 20201014104114.0
008 181221b ||||| |||| 00| 0 eng d
040 _cPK-LaUMT
082 _aRHC 297.07
_bZAH-D
100 _aZahid ur Rashidi
245 _aDeeni madaris ki masali khidmat(دینی مدارس کی تاریخی خدمات)/
_cZahid ur Rashidi
260 _aلاہور:
_bمکۃ کتاب گھر
_c2001
942 _cBK